Terminal de carga del Aeropuerto Internacional Juan Santamaría

সংরক্ষণ করুন:
গ্রন্থ-পঞ্জীর বিবরন
প্রধান লেখক: Núñez Quesada, Marco Tulio
অন্যান্য লেখক: Salazar Haug, Róger
বিন্যাস: গ্রন্থ
প্রকাশিত: [San José , Costa Rica] 1985
বিষয়গুলি:
ট্যাগগুলো: ট্যাগ যুক্ত করুন
কোনো ট্যাগ নেই, প্রথমজন হিসাবে ট্যাগ করুন!

MARC

LEADER 00000nam a2200000Ia 4500
003 002742
005 20221231144405.0
008 140114s1985 cr a m 000 ||s d
040 |c cru CEDI 
090 |a TFG 1632 
100 |a Núñez Quesada, Marco Tulio  |9 14677 
245 |a Terminal de carga del Aeropuerto Internacional Juan Santamaría 
260 |c 1985  |a [San José , Costa Rica] 
300 |a  66, [39] hojas : ilustraciones ; 28 cm  
500 |a  Proyecto de graduación (ingeniero civil)-- Universidad de Costa Rica. Facultad de Ingenieria. Escuela de Ingenieria Civil 
650 |x AEROPUERTO INTERNACIONAL JUAN SANTAMARIA (COSTA RICA)  |9 14679 
700 |9 14678  |a Salazar Haug, Róger 
942 |c TFG  |2 ddc 
999 |c 21185  |d 21185